Countries that have a player who won UEFA Champions League - Statistics

General Stats
  • This quiz has been taken 88 times
  • The average score is 49 of 66
Answer Stats
Number of players Country % Correct
87 England
100%
75 Germany
100%
95 Italy
100%
44 France
99%
150 Spain
99%
5 Belgium
97%
1 United States
97%
16 Argentina
96%
49 Brazil
96%
63 Netherlands
96%
7 Sweden
96%
5 Norway
94%
49 Portugal
94%
1 Canada
93%
1 Chile
93%
11 Denmark
93%
6 Poland
93%
3 Russia
93%
12 Ireland
91%
36 Scotland
91%
2 Colombia
90%
1 Egypt
90%
1 Senegal
90%
3 Austria
88%
4 Czech Republic
88%
5 Wales
88%
11 Croatia
87%
2 Finland
87%
2 Ukraine
87%
2 Mexico
85%
3 Uruguay
84%
1 Bulgaria
82%
17 Romania
82%
3 Switzerland
82%
1 Hungary
81%
2 Northern Ireland
79%
3 Serbia
79%
3 Australia
78%
1 Iceland
78%
1 Morocco
78%
1 Algeria
76%
1 South Africa
75%
3 Nigeria
74%
2 Peru
74%
1 Slovenia
74%
1 South Korea
71%
2 Paraguay
69%
3 Cameroon
68%
4 Ghana
68%
1 Costarica
66%
3 Ivory Coast
66%
2 Bosnia and Herzegovina
59%
1 Belarus
56%
1 Lithuania
53%
1 North Macedonia
51%
1 Venezuela
49%
1 Israel
41%
1 Georgia
40%
2 Mali
40%
18 Yugoslavia
37%
1 Kenya
35%
1 Guinea
31%
1 Trinidad and Tobago
26%
1 Dominican Republic
25%
1 San Marino
16%
1 Zimbabwe
16%
No matching quizzes found
Score Distribution
Percent of People with Each Score
Percentile by Number Answered
Your Score History
You have not taken this quiz